[Event "TCh-FRA Top 12 2014"]
[Site "Saint-Quentin FRA"]
[Date "2014.06.03"]
[Round "11.8"]
[White "Donrault, Patrick"]
[Black "Maisuradze, Nino"]
[Result "0-1"]
[BlackTitle "WGM"]
[WhiteElo "2195"]
[BlackElo "2258"]
[WhiteTeam "L'Echiquier Chalonnais"]
[BlackTeam "Bischwiller"]
[WhiteFideId "605255"]
[BlackFideId "13601717"]
[EventDate "2014.05.24"]

1. d4 Nf6 2. Nf3 c5 3. d5 e6 4. c4 exd5 5. cxd5 d6 6. Nc3 g6 7. e4 Bg7 8. Be2
O-O 9. O-O Re8 10. Nd2 Nbd7 11. a4 Ne5 12. Ra3 a6 13. Qc2 Bg4 14. f3 Bc8 15. b3
Nh5 16. f4 Ng4 17. Nf3 Qf6 18. e5 dxe5 19. Ne4 Qd8 20. h3 Nh6 21. fxe5 Bf5 22.
d6 Bxe4 23. Qxe4 Ng3 24. Qc4 Nxe2+ 25. Qxe2 Qxd6 26. Ra2 Qe6 27. Qc2 Rac8 28.
Bf4 Nf5 29. Ng5 Qd5 30. g4 Nd4 31. Qf2 h6 32. Nf3 Nxf3+ 33. Qxf3 Qxf3 34. Rxf3
g5 35. Bg3 Bxe5 36. Bxe5 Rxe5 37. Raf2 Rc7 38. Rf6 Kg7 39. Rb6 Re6 40. Rxe6 fxe6
41. a5 Rd7 42. Rf3 Kg6 43. Kg2 Rd2+ 44. Kf1 Ra2 0-1

[Event "TCh-FRA Top 12 2014"]
[Site "Saint-Quentin FRA"]
[Date "2014.06.03"]
[Round "11.1"]
[White "Wojtaszek, Radoslaw"]
[Black "Kazhgaleyev, Murtas"]
[Result "1-0"]
[WhiteTitle "GM"]
[BlackTitle "GM"]
[WhiteElo "2724"]
[BlackElo "2570"]
[WhiteTeam "Mulhouse Philidor"]
[BlackTeam "Echecs Club Montpellier"]
[WhiteFideId "1118358"]
[BlackFideId "13700316"]
[EventDate "2014.05.24"]

1. d4 Nf6 2. c4 c5 3. d5 e5 4. Nc3 d6 5. e4 Be7 6. g3 Nbd7 7. Nf3 Nf8 8. Bg2 Ng6
9. Qd3 h5 10. h4 Bd7 11. a4 b6 12. Ng5 a6 13. Bh3 Rb8 14. Bd2 Bxh3 15. Nxh3 Qd7
16. Rb1 Nf8 17. Qe2 Qc7 18. f3 N8d7 19. Nf2 Kf8 20. Kd1 g6 21. Kc2 Kg8 22. f4
Bf8 23. Qf3 Bh6 24. Rhg1 Rh7 25. Rg2 Kh8 26. Rbg1 Rg8 27. fxe5 Bxd2 28. Kxd2
dxe5 29. Nh3 Rf8 30. Ng5 Rh6 31. Rf1 Kg7 32. Qd3 Qd6 33. Nd1 Ng4 34. Ne3 Ndf6
35. Nxg4 Nxg4 36. Rf3 Rhh8 37. Qe2 Qd7 38. b3 a5 39. Rg1 f6 40. Ne6+ Kh7 41.
Nxf8+ Rxf8 42. d6 Re8 43. Kc2 Re6 44. Rd1 Nh6 45. Rfd3 Re8 46. R3d2 Kg7 47. Qd3
Nf7 48. Rg1 Nh6 49. Qd5 Nf7 50. Kb2 Re6 51. Qa8 Rxd6 52. Rxd6 Nxd6 53. Qd5 Qh3
54. Ka3 Nf7 55. Qc6 f5 56. Qxc5 bxc5 57. exf5 gxf5 58. Ka2 e4 59. Rf1 1-0

[Event "TCh-FRA Top 12 2014"]
[Site "Saint-Quentin FRA"]
[Date "2014.06.03"]
[Round "11.2"]
[White "Fier, Alexandr"]
[Black "Navara, David"]
[Result "1/2-1/2"]
[WhiteTitle "GM"]
[BlackTitle "GM"]
[WhiteElo "2575"]
[BlackElo "2708"]
[WhiteTeam "Echecs Club Montpellier"]
[BlackTeam "Mulhouse Philidor"]
[WhiteFideId "2107139"]
[BlackFideId "309095"]
[EventDate "2014.05.24"]

1. d4 Nf6 2. c4 e6 3. Nf3 d5 4. Nc3 c6 5. Bg5 Nbd7 6. e3 Qa5 7. cxd5 Nxd5 8. Qd2
Bb4 9. Rc1 h6 10. Bh4 b6 11. e4 Nxc3 12. bxc3 Ba3 13. Rc2 O-O 14. Be2 Ba6 15.
O-O Bxe2 16. Qxe2 Rfe8 17. Nd2 Be7 18. Bxe7 Rxe7 19. Nc4 Qa6 20. e5 Rd8 21. f4
c5 22. Nd6 Qxe2 23. Rxe2 f6 24. a4 cxd4 25. cxd4 fxe5 26. fxe5 Nb8 27. Rc2 Na6
28. Rfc1 Nb4 29. Rc7 Rxc7 30. Rxc7 Rf8 31. Rxa7 Nc6 32. Rb7 Nxd4 33. h3 Ra8 34.
Nb5 Rxa4 35. Nxd4 Rxd4 36. Rxb6 Kf7 37. Rb7+ Kf8 1/2-1/2

[Event "TCh-FRA Top 12 2014"]
[Site "Saint-Quentin FRA"]
[Date "2014.06.03"]
[Round "11.4"]
[White "Flear, Glenn C"]
[Black "Gajewski, Grzegorz"]
[Result "0-1"]
[WhiteTitle "GM"]
[BlackTitle "GM"]
[WhiteElo "2488"]
[BlackElo "2641"]
[WhiteTeam "Echecs Club Montpellier"]
[BlackTeam "Mulhouse Philidor"]
[WhiteFideId "400165"]
[BlackFideId "1116207"]
[EventDate "2014.05.24"]

1. d4 Nf6 2. c4 e6 3. Nc3 Bb4 4. e3 O-O 5. Bd3 d5 6. Nf3 b6 7. a3 Bxc3+ 8. bxc3
dxc4 9. Bxc4 c5 10. O-O Qc7 11. Bd3 Bb7 12. Bb2 Nbd7 13. Re1 Ne4 14. c4 f5 15.
Qc2 Rae8 16. Rad1 Re7 17. Re2 Nd6 18. Nd2 e5 19. dxe5 Nxe5 20. Bxe5 Rxe5 21. Nf1
Re6 22. Ng3 Rh6 23. f4 Qf7 24. Rf2 Re6 25. Re1 h5 26. Nf1 h4 27. Nd2 Qe8 28. Nf3
Rxe3 29. Rfe2 Rxe2 30. Rxe2 Qd8 31. Ng5 Qf6 32. Re5 Ne4 33. Ne6 Re8 34. Nxc5
Rxe5 35. Nd7 Qh6 36. Nxe5 Qxf4 37. Bxe4 fxe4 38. Qb2 e3 39. c5 bxc5 40. Qb3+ Kh7 0-1

[Event "TCh-FRA Top 12 2014"]
[Site "Saint-Quentin FRA"]
[Date "2014.06.03"]
[Round "11.5"]
[White "Degraeve, Jean-Marc"]
[Black "Libiszewski, Fabien"]
[Result "1-0"]
[WhiteTitle "GM"]
[BlackTitle "GM"]
[WhiteElo "2576"]
[BlackElo "2543"]
[WhiteTeam "Mulhouse Philidor"]
[BlackTeam "Echecs Club Montpellier"]
[WhiteFideId "600270"]
[BlackFideId "616834"]
[EventDate "2014.05.24"]

1. e4 c5 2. Nf3 Nc6 3. c3 Nf6 4. e5 Nd5 5. Bc4 Nb6 6. Bb3 c4 7. Bc2 Qc7 8. O-O
Nxe5 9. Nxe5 Qxe5 10. Re1 Qc7 11. d3 e6 12. a4 Be7 13. a5 cxd3 14. Bb3 Nc4 15.
Qg4 Nxa5 16. Qxg7 Rf8 17. Bd1 b6 18. Bh6 Nc4 19. Qxh7 d2 20. Nxd2 Nxd2 21. Bxd2
Bf6 22. Bh5 d5 23. Qd3 Qe7 24. c4 Bb7 25. cxd5 Bxd5 26. Bb4 Qb7 27. Qb5+ 1-0

[Event "TCh-FRA Top 12 2014"]
[Site "Saint-Quentin FRA"]
[Date "2014.06.03"]
[Round "11.6"]
[White "Touzane, Olivier"]
[Black "Lerch, Patrice"]
[Result "0-1"]
[WhiteTitle "IM"]
[BlackTitle "FM"]
[WhiteElo "2325"]
[BlackElo "2355"]
[WhiteTeam "Echecs Club Montpellier"]
[BlackTeam "Mulhouse Philidor"]
[WhiteFideId "602906"]
[BlackFideId "605867"]
[EventDate "2014.05.24"]

1. g3 e6 2. Bg2 d5 3. f4 Nf6 4. Nf3 Bc5 5. e3 O-O 6. O-O b5 7. d4 Bb6 8. a4 c6
9. axb5 cxb5 10. Ne5 a5 11. Nd2 Ra7 12. g4 Nfd7 13. Nd3 Nc6 14. Rf3 f6 15. Rh3
Re8 16. c3 Nf8 17. Qb3 a4 18. Qd1 e5 19. dxe5 fxe5 20. f5 g6 21. Rg3 Rf7 22. b3
d4 23. exd4 Nxd4 24. Kh1 e4 25. cxd4 exd3 26. Bb2 Bxd4 27. Rxd3 Bxb2 28. Rxd8
Rxd8 29. Ra2 a3 30. Qe2 gxf5 31. gxf5 Bxf5 32. Nf1 Bd3 33. Qh5 Ng6 34. Ne3 Bb1
35. Rxb2 axb2 36. Qe2 Nf4 37. Qxb2 Bg6 38. Bf1 Be4+ 39. Kg1 Rdf8 40. h4 Nd5 41.
Bh3 Rg7+ 42. Ng4 h5 43. Qe5 hxg4 44. Bf1 Nf6 45. Bxb5 Bd5 46. b4 g3 47. h5 Rc8
48. Qf4 Nxh5 49. Qd2 Nf6 50. Ba6 Rh7 51. Qg5+ Kf7 52. Kf1 Bf3 53. Ke1 Re8+ 0-1

[Event "TCh-FRA Top 12 2014"]
[Site "Saint-Quentin FRA"]
[Date "2014.06.03"]
[Round "11.7"]
[White "Ider, Borya"]
[Black "Buscara, Sevan"]
[Result "0-1"]
[WhiteTitle "FM"]
[BlackTitle "FM"]
[WhiteElo "2392"]
[BlackElo "2379"]
[WhiteTeam "Mulhouse Philidor"]
[BlackTeam "Echecs Club Montpellier"]
[WhiteFideId "4901134"]
[BlackFideId "650234"]
[EventDate "2014.05.24"]

1. d4 g6 2. c4 Bg7 3. Nf3 c5 4. d5 d6 5. e4 e6 6. Bd3 Ne7 7. O-O O-O 8. h3 h6 9.
Nc3 g5 10. dxe6 Bxe6 11. Nd5 Nbc6 12. Bxg5 hxg5 13. Nxg5 Nxd5 14. Nxe6 fxe6 15.
exd5 exd5 16. Qh5 Rf6 17. cxd5 Rh6 18. Qd1 Nd4 19. Re1 Qg5 20. Re3 Be5 21. Re4
Rh4 22. Rxh4 Qxh4 23. Qg4+ Qxg4 24. hxg4 b5 25. g3 c4 26. Bf1 Nf3+ 27. Kg2 Nd2 0-1

[Event "TCh-FRA Top 12 2014"]
[Site "Saint-Quentin FRA"]
[Date "2014.06.03"]
[Round "11.1"]
[White "Ipatov, Alexander"]
[Black "Postny, Evgeny"]
[Result "1/2-1/2"]
[WhiteTitle "GM"]
[BlackTitle "GM"]
[WhiteElo "2613"]
[BlackElo "2641"]
[WhiteTeam "C.E. de Bois-Colombes"]
[BlackTeam "Club d'Echecs Metz Fischer"]
[WhiteFideId "14116731"]
[BlackFideId "2804344"]
[EventDate "2014.05.24"]

1. e4 e5 2. Nf3 Nc6 3. Bb5 Nf6 4. O-O Nxe4 5. d4 Nd6 6. Bxc6 dxc6 7. dxe5 Nf5 8.
Qxd8+ Kxd8 9. Nc3 Ke8 10. h3 h5 11. Bf4 Be7 12. Rad1 Be6 13. Ng5 Rh6 14. g3 Bxg5
15. Bxg5 Rg6 16. Bf4 Nh4 17. Kh2 Nf3+ 18. Kg2 Nh4+ 19. Kh2 Nf3+ 20. Kg2 1/2-1/2

[Event "TCh-FRA Top 12 2014"]
[Site "Saint-Quentin FRA"]
[Date "2014.06.03"]
[Round "11.2"]
[White "Iordachescu, Viorel"]
[Black "Bauer, Christian"]
[Result "0-1"]
[WhiteTitle "GM"]
[BlackTitle "GM"]
[WhiteElo "2594"]
[BlackElo "2628"]
[WhiteTeam "Club d'Echecs Metz Fischer"]
[BlackTeam "C.E. de Bois-Colombes"]
[WhiteFideId "13900200"]
[BlackFideId "603767"]
[EventDate "2014.05.24"]

1. e4 e6 2. d4 d5 3. Nc3 Nc6 4. Be3 Bb4 5. e5 f6 6. f4 fxe5 7. fxe5 Qh4+ 8. Bf2
Qe4+ 9. Be2 Qxg2 10. Bf3 Qg5 11. Ne2 Nge7 12. Rg1 Qh6 13. Ng3 O-O 14. Nh5 Nf5
15. Bg4 Nce7 16. Qd3 Kh8 17. a3 Ba5 0-1

[Event "TCh-FRA Top 12 2014"]
[Site "Saint-Quentin FRA"]
[Date "2014.06.03"]
[Round "11.3"]
[White "Cornette, Matthieu"]
[Black "Terrieux, Kevin"]
[Result "1/2-1/2"]
[WhiteTitle "GM"]
[BlackTitle "IM"]
[WhiteElo "2547"]
[BlackElo "2416"]
[WhiteTeam "C.E. de Bois-Colombes"]
[BlackTeam "Club d'Echecs Metz Fischer"]
[WhiteFideId "620084"]
[BlackFideId "622591"]
[EventDate "2014.05.24"]

1. c4 e5 2. Nc3 Nc6 3. Nf3 g6 4. e3 Bg7 5. d4 d6 6. Be2 Nf6 7. d5 Ne7 8. h3 O-O
9. g4 c6 10. e4 b5 11. dxc6 bxc4 12. Qa4 Be6 13. Ng5 d5 14. Nxe6 fxe6 15. exd5
exd5 16. Bg5 Qb6 17. O-O Kh8 18. Qa3 Rae8 19. Bf3 e4 20. Bg2 h6 21. Be3 Qxc6 22.
Bc5 Rf7 23. Rad1 g5 24. f3 e3 25. Qxa7 Nd7 26. Bd4 Nc8 27. Bxg7+ Rxg7 28. Qd4 e2
29. Nxe2 Rxe2 30. f4 Qb6 31. Bxd5 Qxd4+ 32. Rxd4 Ncb6 33. Bxc4 Nxc4 34. Rxc4
Rxb2 35. Rf2 Rxf2 36. Kxf2 gxf4 37. Rxf4 Re7 38. Rd4 Kg7 39. a4 Nc5 40. h4 Ra7
41. Rc4 Nxa4 42. Rc6 Nb2 43. g5 h5 44. Rh6 Nd3+ 45. Kg3 Ra3 46. Rxh5 Ne5+ 47.
Kg2 Nf7 48. g6 Kxg6 49. Rb5 Nh6 50. Kf2 Nf5 51. Rb4 Kf6 52. h5 Kg5 53. Ke2 Kxh5
54. Kd2 Kg5 55. Re4 Ng3 56. Re8 Kf4 57. Rf8+ Nf5 58. Re8 Nd6 59. Rh8 Ke5 60. Kc2
Ne4 61. Rd8 Rh3 62. Re8+ Kd4 63. Rd8+ Kc4 64. Rc8+ Nc5 65. Kd2 Kd4 66. Rd8+ Ke5
67. Kc2 Ne4 68. Re8+ Kf4 69. Rd8 Rh2+ 70. Kb3 Nc5+ 71. Kc3 Ne6 1/2-1/2

[Event "TCh-FRA Top 12 2014"]
[Site "Saint-Quentin FRA"]
[Date "2014.06.03"]
[Round "11.4"]
[White "Taddei, Benoit"]
[Black "Amin, Bassem"]
[Result "0-1"]
[WhiteTitle "FM"]
[BlackTitle "GM"]
[WhiteElo "2367"]
[BlackElo "2628"]
[WhiteTeam "Club d'Echecs Metz Fischer"]
[BlackTeam "C.E. de Bois-Colombes"]
[WhiteFideId "610151"]
[BlackFideId "10601457"]
[EventDate "2014.05.24"]

1. e4 e5 2. Nf3 Nc6 3. d4 exd4 4. Nxd4 Nf6 5. Nxc6 bxc6 6. e5 Qe7 7. Qe2 Nd5 8.
c4 Ba6 9. b3 g5 10. Bb2 Bg7 11. Nd2 Nf4 12. Qe3 Ng6 13. O-O-O Bxe5 14. Bxe5 Qxe5
15. Qxe5+ Nxe5 16. Re1 d6 17. Ne4 h6 18. h4 g4 19. Nf6+ Kf8 20. Rg1 Rd8 21. Re3
h5 22. f4 Ng6 23. g3 Kg7 24. Ne4 Rhe8 25. Re2 Ne7 26. Nd2 Nf5 27. Rxe8 Rxe8 28.
Bd3 Nd4 29. Rd1 c5 30. Nf1 Bb7 31. Kd2 Nf3+ 32. Kc3 a5 33. Rb1 Ne1 34. Rd1 Bg2
35. Kd2 Nf3+ 36. Kc3 Bxf1 37. Bxf1 Re3+ 38. Rd3 Re1 39. Bg2 Nd4 40. Bb7 Re2 41.
Rd2 Re3+ 42. Rd3 Ne2+ 43. Kd2 Rxd3+ 44. Kxd3 Nxf4+ 45. gxf4 0-1

[Event "TCh-FRA Top 12 2014"]
[Site "Saint-Quentin FRA"]
[Date "2014.06.03"]
[Round "11.5"]
[White "Kazakov, Mikhail"]
[Black "Leconte, Maria"]
[Result "1-0"]
[WhiteTitle "GM"]
[BlackTitle "WGM"]
[WhiteElo "2517"]
[BlackElo "2259"]
[WhiteTeam "C.E. de Bois-Colombes"]
[BlackTeam "Club d'Echecs Metz Fischer"]
[WhiteFideId "14102749"]
[BlackFideId "618446"]
[EventDate "2014.05.24"]

1. d4 Nf6 2. c4 e6 3. Nc3 Bb4 4. e3 b6 5. Ne2 Ne4 6. Qb3 a5 7. a3 Bxc3+ 8. Nxc3
Bb7 9. Nxe4 Bxe4 10. Bd3 a4 11. Qc2 Bxd3 12. Qxd3 Nc6 13. e4 d5 14. cxd5 exd5
15. e5 O-O 16. Bd2 Na5 17. Bxa5 Rxa5 18. O-O c5 19. f4 cxd4 20. Qxd4 Qc7 21. Kh1
Qc5 22. Qd2 f6 23. Rac1 Qe7 24. Rfe1 fxe5 25. Rxe5 Qd6 26. Qd4 Rc5 27. Rd1 Qc7
28. Qxa4 Rc4 29. Qb5 Rcxf4 30. Qxd5+ Kh8 31. Ree1 Qc2 32. b3 Qf2 33. h3 h6 34.
Qd3 Qb2 35. a4 Qf6 36. Qe3 Rc8 37. Rd7 Rc3 38. Qd2 Rc8 39. Rd6 Rf1+ 40. Rxf1
Qxf1+ 41. Kh2 Rc1 42. Qe3 Re1 43. Qd4 Kh7 44. Rxb6 Qh1+ 45. Kg3 Re8 46. Rb7 Qe1+
47. Kh2 Re5 48. Qd3+ Kh8 49. Qg3 1-0

[Event "TCh-FRA Top 12 2014"]
[Site "Saint-Quentin FRA"]
[Date "2014.06.03"]
[Round "11.6"]
[White "Pucher, Sebastien"]
[Black "Shoker, Samy"]
[Result "0-1"]
[BlackTitle "IM"]
[WhiteElo "2294"]
[BlackElo "2453"]
[WhiteTeam "Club d'Echecs Metz Fischer"]
[BlackTeam "C.E. de Bois-Colombes"]
[WhiteFideId "627232"]
[BlackFideId "627143"]
[EventDate "2014.05.24"]

1. e4 d6 2. d4 Nf6 3. Nc3 g6 4. g3 Bg7 5. Bg2 c6 6. a4 O-O 7. Nge2 e5 8. O-O Na6
9. h3 exd4 10. Nxd4 Re8 11. Re1 Nb4 12. a5 a6 13. f4 Bd7 14. Be3 c5 15. Nb3 Bc6
16. Bf2 Qc7 17. Qd2 Rad8 18. g4 h6 19. Bg3 Nd7 20. Bh4 Rc8 21. Rab1 c4 22. Nd4
Bxd4+ 23. Qxd4 Nxc2 24. Qxc4 Nxe1 25. Rxe1 Qxa5 26. Qd3 Qb6+ 27. Bf2 Qxb2 28.
Bd4 Nc5 29. Qe3 Nb3 30. Bf6 Qd2 31. Qg3 Re6 32. Re2 Qc1+ 33. Re1 Qa3 34. Qh4
Qc5+ 35. Kh1 b5 36. f5 Rxf6 37. Qxf6 Qe5 38. Qh4 Qxc3 39. f6 Kh7 40. g5 h5 41.
Rf1 Nd2 0-1

[Event "TCh-FRA Top 12 2014"]
[Site "Saint-Quentin FRA"]
[Date "2014.06.03"]
[Round "11.7"]
[White "Vuilleumier, Alexandre"]
[Black "Deiller, Pascal"]
[Result "1-0"]
[WhiteTitle "IM"]
[WhiteElo "2338"]
[BlackElo "2082"]
[WhiteTeam "C.E. de Bois-Colombes"]
[BlackTeam "Club d'Echecs Metz Fischer"]
[WhiteFideId "1305662"]
[BlackFideId "604194"]
[EventDate "2014.05.24"]

1. e4 e6 2. d4 d5 3. e5 c5 4. c3 Nc6 5. Nf3 Bd7 6. Be2 Nge7 7. a3 Ng6 8. b4 cxd4
9. cxd4 Be7 10. O-O Rc8 11. Re1 O-O 12. Nbd2 f6 13. exf6 Bxf6 14. Nb3 b6 15. Ba6
Rb8 16. Bd3 Qe8 17. b5 Nd8 18. a4 Qf7 19. Ba3 Re8 20. Bd6 Rc8 21. a5 Be7 22.
Bxe7 Rxe7 23. axb6 axb6 24. Ng5 Qf4 25. Qh5 h6 26. Nh3 1-0

[Event "TCh-FRA Top 12 2014"]
[Site "Saint-Quentin FRA"]
[Date "2014.06.03"]
[Round "11.8"]
[White "Monpeurt, Cyrielle"]
[Black "Dacalor, Aurelie"]
[Result "1-0"]
[BlackTitle "WFM"]
[WhiteElo "2036"]
[BlackElo "2030"]
[WhiteTeam "Club d'Echecs Metz Fischer"]
[BlackTeam "C.E. de Bois-Colombes"]
[WhiteFideId "677400"]
[BlackFideId "617083"]
[EventDate "2014.05.24"]

1. e4 e5 2. Nf3 Nc6 3. Bc4 Bc5 4. b4 Bxb4 5. c3 Bd6 6. d4 Nf6 7. O-O O-O 8. Bg5
h6 9. Bh4 b6 10. Nbd2 Bb7 11. Re1 Re8 12. Nf1 Qe7 13. Ne3 Qf8 14. Bxf6 gxf6 15.
Ng4 Qg7 16. Nh4 Ne7 17. Qf3 Kh8 18. Nxf6 Ng6 19. Nxe8 Nxh4 20. Nxg7 Nxf3+ 21.
gxf3 Kxg7 22. Kh1 f5 23. Rg1+ Kf6 24. Bd3 Re8 25. Rae1 f4 26. Rg2 Bf8 27. Reg1
c6 28. Rg6+ Kf7 29. Rg8 Re6 30. Rh8 a6 31. Rh7+ Ke8 32. Rg8 Re7 33. Rhh8 Rf7 34.
dxe5 b5 35. Rxh6 Rg7 36. Rgh8 Ke7 37. Rf6 Rf7 38. Bc2 c5 39. Rb6 Bg7 40. Rg8 Bc6
41. Rbb8 Bxe5 42. Rbe8+ Kf6 43. Rh8 d6 44. Rh6+ Kg7 45. Reh8 a5 46. h4 Rf6 47.
R6h7+ Kg6 48. h5+ Kg5 49. Rg8+ Kh4 50. Rg4+ Kh3 51. Bd3 1-0